Essential Math for Data Science

Saved in:
Bibliographic Details
Main Author: Nield, Thomas
Format: Book
Language:English
Published: Sebastopol O'Reilly Media 2022
Edition:1st Edition
Subjects:
Tags: Add Tag
No Tags, Be the first to tag this record!

MARC

LEADER 00000nam a2200000 4500
001 0296839
005 20240918115740.6
020 |a 9781098102906 
041 0 |a eng 
044 |a US 
245 1 0 |a Essential Math for Data Science  |c Thomas Nield 
250 |a 1st Edition 
264 1 |a Sebastopol  |b O'Reilly Media  |c 2022 
300 |a 332 s. 
500 |a EBSCO e-books. 
610 2 0 |a matematika 
610 2 0 |a dáta 
610 2 0 |a analýza dát 
610 2 0 |a štatistika 
610 2 0 |a pravdepodobnosť 
610 2 0 |a regresia 
610 2 0 |a analýza regresná 
610 2 0 |a testovanie hypotéz 
610 2 0 |a modely regresné 
610 2 0 |a siete neurónové 
610 2 0 |a jazyky programovacie 
100 1 |a Nield, Thomas